Music Quiz

Random Music Quiz

Human League UK Top 40 Singles Quiz Stats

 Plays Quiz not verified by Sporcle

Challenge
Share
Tweet
Embed
Score 0/16 Timer 09:00
0 Plays Today
Year Single % Correct
1981Don't You Want Me
99.1%
1983(Keep Feeling) Fascination
90%
1982Mirror Man
86.4%
1984The Lebanon
81.8%
1986Human
78.2%
1981Love Action (I Believe In Love)
77.3%
1982*Being Boiled
77.3%
1981The Sound of the Crowd
69.1%
Year Single % Correct
1984Louise
69.1%
1981Open Your Heart
68.2%
1995Tell Me When
60%
1990Heart Like a Wheel
50.9%
1984Life On Your Own
45.5%
1995One Man in My Heart
42.7%
1996Stay With Me Tonight
15.5%
1995Filling Up With Heaven
13.6%

You're not logged in!

Compare scores with friends on all Sporcle quizzes.
OR
Log In

You Might Also Like...

Show Comments

Extras

Top Quizzes Today


Score Distribution

Your Account Isn't Verified!

In order to create a playlist on Sporcle, you need to verify the email address you used during registration. Go to your Sporcle Settings to finish the process.

Report this User

Report this user for behavior that violates our Community Guidelines.

Details: